Capitales avec la lettre R - Statistiques

Statistiques générales
  • Ce quiz a été pris 262 fois
    236 depuis la dernière actualisation
  • Le résultat moyen est 57 sur 83
Statistiques - réponses
Hint Réponse % Correct
R Paris
98%
R Rome
98%
R Madrid
94%
R Brasilia
90%
R Londres
89%
R Alger
88%
R Berlin
88%
R Bucarest
87%
RR Canberra
87%
RR Andorre-la-Vieille
84%
R Rabat
84%
R Reykjavik
84%
R Buenos Aires
83%
R Prague
83%
R Riga
83%
R Zagreb
83%
R Amsterdam
82%
R Berne
82%
R Caracas
81%
R Jerusalem
81%
R Le Caire
81%
R Riyad
81%
R Bruxelles
80%
R Ankara
77%
R Luxembourg
77%
R Brazzaville
76%
R Dakar
76%
R Saint-Marin
76%
R Tirana
76%
R Varsovie
75%
R Bratislava
73%
R Pristina
73%
R Belgrade
72%
R Oulan-Bator
72%
R Sarajevo
72%
R Yamoussoukro
72%
R Erevan
71%
R Jakarta
71%
R Nairobi
71%
RR Port-au-Prince
71%
RR Pretoria
71%
R Tripoli
71%
R Antananarivo
70%
R Freetown
70%
R Podgorica
70%
R Téhéran
70%
R Sucre
67%
R Libreville
66%
R Beyrouth
65%
R Georgetown
65%
R Port-d'Espagne
65%
R Singapour
64%
R Khartoum
63%
R Port-Louis
63%
R Porto-Novo
63%
RR Harare
61%
RR Port Moresby
61%
R Accra
60%
R Victoria
60%
R Kuala Lumpur
58%
R Praia
58%
R San Salvador
58%
R Conakry
55%
R Gaborone
55%
R Port-Vila
55%
RRR Sri Jayawardenapura Kotte
55%
R Paramaribo
54%
R Yaren
54%
RR Bandar Seri Begawan
53%
R Castries
53%
R Moroni
53%
R Saint-Georges
53%
R Asmara
52%
R Maseru
52%
R Monrovia
52%
R Bridgetown
51%
R Roseau
47%
RR Basseterre
43%
R Honiara
41%
R Palikir
40%
R Majuro
39%
R Tarawa
35%
R Ngerulmud
24%
Aucun quiz correspondant
Distribution des résultats
% des personnes avec chaque résultat
Percentile par nombre de réponses
Votre historique - résultats
Vous n’avez pas pris ce quiz depuis la dernière actualisation